000 00714nam a2200217 i 4500
001 C00057987c
005 20241029150458.0
008 080206s2006 sp a c 001 spa d
020 _a84-8026-291-5
080 _a73 Chirino, Martín
100 1 _aMartín de Argila, María Luisa.
_925608
245 1 0 _aMartín Chirino
_b: esculturas : catálogo razonado /
_cMaría Luisa Martín de Argila.
260 _aMadrid :
_bMuseo Nacional Centro de Arte Reina Sofía,
_cD.L. 2006.
300 _a565 p. :
_bil. col. y n. ;
_c30 cm.
500 _aBibliografía.
500 _aÍndices.
600 1 4 _aChirino, Martín (
_d1925-2019)-
_vCatálogos.
_997893
852 4 _jH-5156
999 _c54858
_d54858